01312namaa22002651i 450000500170000000800410001704000430005804100180010110000440011924502530016324602000041626400100061630000440062633600220067033700250069233800230071750200420074050400320078265300120081465300410082665300420086770000480090970000400095770000490099720260429133120.0260429s1995 ua ado|frm||| 00| 0 eng d aEG-GICUCbengcEG-GICUCdEG-GICUCerda0 aengbengbara0 aIman Ismail Abd El Gawad.epreparation.10aAssessment of morphological and biochemical changes during pregnancy in rats under the effect of radiation and progesterone / b cBy Iman Ismail Abd El Gawad; Supervised By Prof. Dr. F. Abd El-Wahab, Prof. Dr.R. Boulis, Prof. Dr. S.M. Abd El-Aziz.15aتقدير التغيرات المورفولوجية و البيوكيميائية أثناء الحمل فى الفئران تحت تأثير الإشعاع و البروجستيرون 0c1995. a229 pages :billustrations ;c30 cm. +  2rda contentatext 2rdamediaaUnmediated 2rdacarrieravolume aThesis (Ph.D)-Cairo University, 1995. aBibliography: pages 212-229 0azoology 0aeffect of radiation and progesterone 0amorphological and biochemical changes0 aProf. Dr. F. Abd El-Wahab.ethesis advisor.0 aProf. Dr.R. Boulisethesis advisor.0 aProf. Dr. S.M. Abd El-Aziz.ethesis advisor.